000 00542nam a22002297a 4500
003 UA-OsUOA
001 79552
007 ta
008 20111111b un ||||| |||| 00| 0 ukr d
090 _a641.5
_bК90
942 _cBK
040 _aUA-OsUOA
_brus
_cUA-OsUOA
_dUA-OsUOA
245 _aКулинария для всех
300 _a542 с.
955 _a4
041 _arus
080 _a641.5
020 _a5-282-00575-1
260 _aМ.
_bЭкономика
_c1988
650 7 _a64 Домоведення
_2UDC
999 _c365884
_d365884